000 01198nkm a2200277 i 4500
001 4389
003 ES-MaACL
005 20250824071645.0
007 khrbo
008 070711s1988 sp --- g |001||spa d
100 0 _aAlfonso,
_d1902-1990
_919858
245 1 0 _aRepresentación de "El padre" [
_hFotografía] /
_cAlfonso (sello).
260 _a[S.l. :
_bs.n.],
_c1988.
300 _a2 fot. :
_bb. y n. ;
_c12 x 18 cm.
490 1 _aMuestra del teatro de August Strindberg
500 _aDatos basados en invitación.
511 0 _aInterviene: Grupo dramático "Alcores"
518 _aActo organizado por la Sección de Teatro del Ateneo de Madrid y el grupo dramático "Alcores", celebrado en el salón de actos el martes, 28 de junio de 1988, 20:15 h.
610 2 4 _aAteneo de Madrid-
_xActos culturales-
_y1988-
_vFotografías.
_91903
710 2 _aAteneo de Madrid.
_bSección de Teatro.
_92010
710 2 _aGrupo Dramático "Alcores"
_94523
830 0 0 _aMuestra del teatro de August Strindberg (Ateneo de Madrid)
_9177044
852 _aES-MaACL
_jFOT 203/1988
856 4 _uhttp://www.ateneodemadrid.net/biblioteca_digital/imagenes/1988/0203-1988.jpg
_zVer imagen
999 _c4389
_d4389